Metal Bands by Picture - Statistics

General Stats
  • This quiz has been taken 247 times
  • The average score is 7 of 12
Answer Stats
Picture Answer % Correct
Slipknot
94%
Korn
85%
Motorhead
83%
Rammstein
71%
Marilyn Manson
68%
Limp Bizkit
66%
Rob Zombie
62%
Disturbed
57%
Lamb Of God
49%
Suicide Silence
27%
Mushroomhead
19%
Asking Alexandria
10%
No matching quizzes found
Score Distribution
Percent of People with Each Score
Percentile by Number Answered
Your Score History
You have not taken this quiz